000 00610pam a2200181 a 4500
020 _a0943518296 (pbk.) :
082 0 0 _a005.8
_bROS
_cD
100 1 _aRosenthal, Emily J.
_936607
245 1 0 _aAbsolutely essential utilities for the IBM PC /
_cEmily Rosenthal.
260 _aPortland, Or. :
_bManagement Information Source,
_cc1987.
300 _axviii, 325 p. :
_bill. ;
_c24 cm.
500 _aIncludes index.
526 _a0
_b0
_c0
_d005_800000000000000_ROS
650 0 _aIBM Personal Computer
_xProgramming.
_936814
650 0 _aMCE
_9379
650 0 _aUtilities (Computer programs)
_936637
942 _2ddc
_cBK
999 _c541851
_d541851